|
|
|
|
| LEADER |
01502nam a2200349 a 4500 |
| 001 |
14140208 |
| 008 |
111211s2005 enka b 001 0 eng d |
| 010 |
|
|
|a 2004099538
|
| 020 |
|
|
|a 0761944516
|
| 020 |
|
|
|a 761944524
|
| 020 |
|
|
|a 9780761944515
|
| 020 |
|
|
|a 9780761944522
|
| 040 |
|
|
|a DLC
|c DLC
|d DLC
|d BD-DhAAL
|
| 082 |
0 |
0 |
|a 300.285/555
|2 22
|
| 999 |
|
|
|c 11584
|d 11584
|
| 999 |
|
|
|c 11584
|
| 100 |
1 |
|
|a Field, Andy P.
|9 7697
|
| 245 |
1 |
0 |
|a Discovering statistics using SPSS :
|b (and sex, drugs and rock 'n' roll) /
|c Andy Field.
|
| 250 |
|
|
|a 2nd ed.
|
| 260 |
|
|
|a London ;
|a Thousand Oaks, Calif. :
|b Sage Publications,
|c 2005.
|
| 300 |
|
|
|a xxxiv, 779 p. :
|b ill. (some col.) ;
|c 25 cm. +
|e 1 CD-ROM (4 3/4 in.)
|
| 490 |
1 |
|
|a ISM introducing statistical methods
|
| 504 |
|
|
|a Includes bibliographical references (p. [762]-776) and index.
|
| 538 |
|
|
|a System requirements: SPSS versions 7.0, 7.5, 8.0 and above.
|
| 541 |
1 |
|
|e 00023955
|
| 630 |
0 |
0 |
|a SPSS for Windows.
|9 7698
|
| 650 |
|
0 |
|a Social sciences
|x Statistical methods
|x Computer programs.
|9 7699
|
| 830 |
|
0 |
|a ISM (London, England)
|9 7700
|
| 852 |
1 |
|
|a James P. Grant School of Public Health (JPGSPH)
|
| 942 |
|
|
|2 ddc
|c BK
|
| 952 |
|
|
|0 0
|1 0
|2 ddc
|4 0
|6 300_285555000000000_FIE
|7 0
|9 18849
|a JPGSPH
|b JPGSPH
|c GEN
|d 2011-12-11
|l 1
|o 300.285555 FIE
|p 3060023955
|r 2012-06-27
|s 2012-05-21
|t 1
|w 2011-12-13
|y BK
|
| 952 |
|
|
|0 0
|1 0
|2 ddc
|4 0
|6 300_285555000000000_FIE
|7 0
|9 20502
|a JPGSPH
|b JPGSPH
|c GEN
|d 2012-06-14
|l 0
|o 300.285555 FIE
|p 3060025423
|r 2012-06-14
|t 2
|w 2012-06-14
|y BK
|